000 00650nam a2200217Ia 4500
003 OSt
005 20220926011340.0
006 a|||||r|||| 00| 0
007 ta
008 220923b |||||||| |||| 00| 0 eng d
037 _cGeneral Book
040 _aRTL
_cRTL
_beng
041 _2eng
_aeng
082 _aXoay, No
100 _aSwedberg R
_9314011
245 0 _aEconomics and sociology
_bRedeffinig then boundaries conversations with economists and sociologists
260 _aNew Jersey
_bPrinceton University Press
_c1900
300 _a361p
_ccm.
942 _hXoay, No
_cGB
_2CC
999 _c619805
_d619805